Normal view
MARC view
- STATISTICAL SIGNAL PROCESSING . SIGNAL PROCESSING-STATISTICAL METHODS
Entry Topical Term
001 - CONTROL NUMBER
- control field: 64629
003 - CONTROL NUMBER IDENTIFIER
- control field: NUST
005 - DATE AND TIME OF LATEST TRANSACTION
- control field: 20210628203317.0
008 - FIXED-LENGTH DATA ELEMENTS
- fixed length control field: 210628|| aca||aabn | a|a d
040 ## - CATALOGING SOURCE
- Original cataloging agency: NUST
- Transcribing agency: NUST
150 ## - HEADING--TOPICAL TERM
- Topical term or geographic name entry element: STATISTICAL SIGNAL PROCESSING . SIGNAL PROCESSING-STATISTICAL METHODS
670 ## - SOURCE DATA FOUND
- Source citation: Work cat.: (NUST): Srinath, M.D, Rajasekaran, P.K, Viswanathan, R 64628, Introduction to statistical signal processing with applications, 1996
